000 00500nam a2200193Ia 4500
005 20230322110705.0
008 131103s9999 xx 000 0 und d
040 _aLoreto College
041 _aEnglish
082 _a822.91
_bGAL
100 _aGalsworthy, John
245 _aLoyalties
_b A drama in three acts
_cJohn Galsworthy
260 _aLondon
_bGerald Duckworth
_c1960
300 _a[4],80 p.
504 _aIncludes glossary
650 _aEnglish drama
850 _aLCLIB
942 _cBK
999 _c21923
_d72402